| 000 | 01129nam a2200361 i 4500 | ||
|---|---|---|---|
| 001 | sky275635605 | ||
| 003 | SKY | ||
| 005 | 20160926162453.0 | ||
| 008 | 150922s2016 nyua b 001 0 spa d | ||
| 010 | _abl2015041097 | ||
| 020 | _a9781499405989 | ||
| 020 | _a1499405987 | ||
| 040 |
_aPABRO _beng _cPABRO _erda _dSKYRV |
||
| 041 | 1 |
_aspa _heng |
|
| 092 |
_fJ SP _a599.4 _bJennings, R |
||
| 100 | 1 |
_aJennings, Rosemary, _eauthor. |
|
| 240 | 1 | 0 |
_aInside bat caves. _lSpanish. |
| 245 | 1 | 0 |
_aCuevas de murcielagos / _cRosemary Jennings ; traducido por Alberto Jimenez. |
| 250 | _aFirst edition. | ||
| 260 |
_aNueva York : _bPowerKids Press, _c2016. |
||
| 264 | 1 |
_aNueva York : _bPowerKids Press, _c2016. |
|
| 300 |
_a24 pages : _bcolor illustrations ; _c23 cm. |
||
| 336 |
_atext _btxt _2rdacontent. |
||
| 337 |
_aunmediated _bn _2rdamedia. |
||
| 338 |
_avolume _bnc _2rdacarrier. |
||
| 490 | 1 | _aLas casas de los animales. | |
| 500 | _aIncludes index. | ||
| 520 | _aLearn about bats and their habitat. | ||
| 650 | 1 | _aBats. | |
| 650 | 1 |
_aBats _xHabitations. |
|
| 830 | 0 |
_aInside animal homes. _lSpanish. |
|
| 942 |
_2ddc _cBK |
||
| 999 |
_c16260 _d16260 |
||